Welcome to the Holygrace Academy Library

Please use search bar below to get started

PROTECTING OUR FORESTS (Record no. 6664)

MARC details
000 -LEADER
fixed length control field 00259nam a22001217a 4500
020 ## - INTERNATIONAL STANDARD BOOK NUMBER
ISBN 81-7862-574-1
082 ## - DEWEY DECIMAL CLASSIFICATION NUMBER
Classification number 001
Item number STE/P
245 ## - TITLE STATEMENT
Title PROTECTING OUR FORESTS
260 ## - PUBLICATION, DISTRIBUTION, ETC. (IMPRINT)
Place of publication NEW DELHI
Name of publisher STERLING PRESS
300 ## - PHYSICAL DESCRIPTION
Number of Pages 31
650 ## - SUBJECT ADDED ENTRY--TOPICAL TERM
Topical Term GK
Geographic subdivision NEW DELHI
942 ## - ADDED ENTRY ELEMENTS (KOHA)
Koha item type Books
Holdings
Withdrawn status Lost status Collection code Home library Current library Shelving location Date acquired Source of acquisition Cost, normal purchase price Full call number Accession Number Koha item type
    G.K Main Library Main Library SHELF-17E-SCIENCE RELATED BOOKS 24/04/2006 PURCHASE 50.00 001 STE/P 01869 Books
    G.K Main Library Main Library SHELF-17E-SCIENCE RELATED BOOKS 21/11/2005 PURCHASE 50.00 001 STE/P 01860 Books